Hewitt Anderson's life / (Record no. 7727)
[ view plain ]
| 000 -LEADER | |
|---|---|
| fixed length control field | 00978nam a22003017a 4500 |
| 001 - CONTROL NUMBER | |
| control field | 7727 |
| 003 - CONTROL NUMBER IDENTIFIER | |
| control field | FISKH |
| 005 - DATE AND TIME OF LATEST TRANSACTION | |
| control field | 20250820101624.0 |
| 008 - FIXED-LENGTH DATA ELEMENTS--GENERAL INFORMATION | |
| fixed length control field | 250801b cb ||||| |||| 00| 0 eng d |
| 020 ## - INTERNATIONAL STANDARD BOOK NUMBER | |
| International Standard Book Number | 9780545268493 |
| 040 ## - CATALOGING SOURCE | |
| Original cataloging agency | FISKH |
| Language of cataloging | eng |
| Transcribing agency | FISKH |
| Modifying agency | FISKH |
| 050 ## - LIBRARY OF CONGRESS CALL NUMBER | |
| Classification number | PZ7.N723 H |
| 082 ## - DEWEY DECIMAL CLASSIFICATION NUMBER | |
| Classification number | 813.54 |
| 100 ## - MAIN ENTRY--PERSONAL NAME | |
| Personal name | Nolen, Jerdine |
| 245 ## - TITLE STATEMENT | |
| Title | Hewitt Anderson's life / |
| Statement of responsibility, etc. | Jerdine Nolen ; Illustrated by Kadir Nelson |
| 250 ## - EDITION STATEMENT | |
| Edition statement | This edition first published in 2005 |
| 260 ## - PUBLICATION, DISTRIBUTION, ETC. | |
| Place of publication, distribution, etc. | New York : |
| Name of publisher, distributor, etc. | Scholastic, |
| Date of publication, distribution, etc. | 2005 |
| 300 ## - PHYSICAL DESCRIPTION | |
| Extent | 37 pages : |
| Other physical details | color illustrations ; |
| Dimensions | 28 cm |
| 505 ## - FORMATTED CONTENTS NOTE | |
| Formatted contents note | Z<br/> |
| 520 ## - SUMMARY, ETC. | |
| Summary, etc. | When tiny Hewitt is born into a family of giants, everyone learns that sometimes small is best of all.<br/> |
| 521 8# - TARGET AUDIENCE NOTE | |
| Target audience note | 980<br/> |
| Source | Lexile<br/> |
| 521 8# - TARGET AUDIENCE NOTE | |
| Target audience note | Z<br/> |
| Source | Raz-Plus<br/> |
| 650 ## - SUBJECT ADDED ENTRY--TOPICAL TERM | |
| Source of heading or term | Kadir Nelson |
| Topical term or geographic name entry element | Picture book |
| 650 ## - SUBJECT ADDED ENTRY--TOPICAL TERM | |
| Source of heading or term | African American |
| Topical term or geographic name entry element | Social Interactions and Relationships |
| 700 ## - ADDED ENTRY--PERSONAL NAME | |
| Personal name | Nelson, Kadine |
| Dates associated with a name | illustrator |
| 942 ## - ADDED ENTRY ELEMENTS (KOHA) | |
| Source of classification or shelving scheme | Dewey Decimal Classification |
| Koha item type | Books |
| Suppress in OPAC | No |
| Withdrawn status | Lost status | Source of classification or shelving scheme | Damaged status | Not for loan | Collection | Home library | Current library | Shelving location | Date acquired | Total Checkouts | Full call number | Barcode | Date last seen | Copy number | Price effective from | Koha item type |
|---|---|---|---|---|---|---|---|---|---|---|---|---|---|---|---|---|
| Dewey Decimal Classification | Fiction | Footprints International School Library Network Toul Tom Poung Campus | Footprints International School Library Network Toul Tom Poung Campus | TTP Secondary Fiction Bookshelves | 08/01/2025 | NOL 813.54 PZ7.N723 H | FISTK02339 | 08/01/2025 | 1 | 08/01/2025 | Books | |||||
| Dewey Decimal Classification | Fiction | Footprints International School Library Network Toul Tom Poung Campus | Footprints International School Library Network Toul Tom Poung Campus | TTP Secondary Fiction Bookshelves | 08/20/2025 | NOL 813.54 PZ7.N723 H | FISBK05800 | 08/20/2025 | 2 | 08/20/2025 | Books | |||||
| Dewey Decimal Classification | Fiction | Footprints International School Library Network Toul Tom Poung Campus | Footprints International School Library Network Toul Tom Poung Campus | TTP Secondary Fiction Bookshelves | 09/09/2025 | NOL 813.54 PZ7.N723 H | FIS01532 | 09/09/2025 | 3 | 09/09/2025 | Books | |||||
| Dewey Decimal Classification | Fiction | Footprints International School Library Network Toul Tom Poung Campus | Footprints International School Library Network Toul Tom Poung Campus | TTP Secondary Fiction Bookshelves | 01/06/2026 | NOL 813.54 PZ7.N723 H | FISBK057087 | 01/06/2026 | 4 | 01/06/2026 | Books |
